Cores em Inglês - Statistics

Estatísticas Gerais
  • Esse quiz foi jogado 927 vezes
  • A pontuação média é 11 de 11
Estatísticas das Respostas
Cor Colour % Correto
. blue
100%
. red
100%
. black
99%
. green
99%
. white
99%
. yellow
99%
. orange
98%
. pink
97%
. purple
93%
. brown
90%
. grey
90%
Nenhum quiz correspondente encontrado
Distribuição das Pontuações
Porcentagem de Pessoas com Cada Pontuação
Percentil de Números Respondidos
Sua Pontuação Histórica
Você não jogou esse quiz